00353nam a2200133Ia 4500008004100000041000800041082001200049100002500061245003700086250001400123260004400137300003100181365000700212240624s9999 xx 000 0 und d aeng a330 PAI aPAILWAR VEENA KESHAV aECONOMIC ENVIRONMENT OF BUSINESS a(2nd ed.) c2010aNew DelhibPrentice-Hall of India axxv, : 442 : p. : cm. ; 23 cRS